000 00430nab a2200145Ia 4500
003 ES-SlBCS
005 20210601131745.0
008 140529s1935 xxu||||| |||| 00| 0 fre d
041 _afre
100 1 _aDanzas, J.
_9188649
245 0 0 _aLa voie de la philosophie religieuse
_c J. Danzas
650 0 4 _aFilosofía Religiosa
_9188650
773 0 _tVie Intelectuelle (La)
_gvol. 39, nº. 2, 1935, págs. 200-224
_wRev907
942 _cAR
999 _c568285
_d568285